000 00542nam a22001937a 4500
005 20251108173656.0
008 250721s2007 xx 000 0 ara d
082 1 4 _a214.5/عبد
100 1 _aعبد الكافي، عمر
245 1 0 _aالوعد الحق /
264 1 _aالصفاة :
_bالإبداع الفكري،
_c2007.
300 _a297ص.
650 1 7 _aالجنة
650 1 7 _aعذاب القبر
650 1 7 _aاليوم الآخر
650 1 7 _aالثقافة الاسلامية
942 _2ddc
_cBK
999 _c109659
_d109659